000 00605nam a22002417a 4500
003 UA-OsUOA
001 22881
007 ta
008 20031226b un ||||| |||| 00| 0 ukr d
090 _a2 (091)
_bР36
942 _cBK
040 _aUA-OsUOA
_brus
_cUA-OsUOA
_dUA-OsUOA
245 _aРелигии мира
_bПособие для учителя
_cРед. Я. Н.Щапов
300 _a190 с.
955 _a0
041 _arus
080 _a2 (091)
020 _a5-09-005100-3
260 _aМосква
_bПросвещение
_c1994
044 _aRU
650 7 _2UDC
999 _c309113
_d309113